Tilastot visalle Jos näillä mailla olisi pohjoismainen ristilippu

Klikkaa tästä pelataksesi tätä visaa!

Yleistilastot

  • Tätä visaa on pelattu 540 kertaa
  • Keskiarvotulos 14 / 16

Vastaustilastot

Vastaus% Oikein
Etelä-Korea
97%
Argentiina
96%
Australia
96%
Intia
96%
Kiina
96%
Brasilia
95%
Meksiko
94%
Etelä-Afrikka
93%
Portugali
93%
Pohjois-Korea
86%
Pakistan
83%
Japani
82%
Mongolia
73%
Viro
71%
Etiopia
69%
Nepal
64%

Tulosjakauma

Persentiili vastausten määrän mukaan

Jokaisen tuloksen saaneiden osuus

Tuloshistoriasi

Et ole pelannut tätä visaa